01387nam a2200373 i 4500001000300000003000400003005001700007008003900024015001500063020001600078020001600094020001800110020001900128040000800147041001300155044000800168080000800176080001200184100004800196245012000244246002800364250002400392260004800416300003000464500019800494500003000692655003000722650001300752710003400765700003800799700003600837700004200873856009800915bgBPK20221221124522.0090408s2004 pl f f |001 0 pol aPB 2524/98 a8301143282  a8301143274  a9788301149888 a9788301149895  cBPK apolheng aPOL a330 a(075.8)1 aSamuelson, Paul Anthonyd(1915-2009)eAutor10aEkonomia.nT. 1 /cPaul A. Samuelson, William D. Nordhaus ; przekł. [z ang.] Zofia Wolińska, Michał Rusiński.1 iTyt. oryg. :aEconomics aWyd. 2 zm., 2 dodr. aWarszawa :bWydawnictwo Naukowe PWN,c2004. a658 s. :bwykr. ;c25 cm. aNa okł. zawart. t. 1: podstawowe pojęcia, makroekonomia - podaż, popyt i rynki produktów, rynki czynników - ziemi, pracy i kapitału oraz podział dochodu, rola państwa w gospodarce. aOryg. : "Economics" 1998. 4aPodręczniki akademickie 4aEkonomia2 aWydawnictwo Naukowe PWN4pbl.1 aRusiński, MichałeTłumaczenie1 aWolińska, ZofiaeTłumaczenie1 aNordhaus, William D.d(1941- )eAutor uhttp://koha.tu.koszalin.pl/cgi-bin/koha/opac-detail.pl?biblionumber=56469yKatalog online BPK